The First 500 SCPs by number - Statistics

General Stats
  • This quiz has been taken 6 times
  • The average score is 128 of 499
Answer Stats
SCP- No. % Correct
SCP- 001
100%
SCP- 002
100%
SCP- 003
100%
SCP- 004
100%
SCP- 005
83%
SCP- 006
83%
SCP- 007
67%
SCP- 008
67%
SCP- 009
67%
SCP- 010
67%
SCP- 011
67%
SCP- 012
67%
SCP- 013
67%
SCP- 014
67%
SCP- 015
67%
SCP- 016
67%
SCP- 017
67%
SCP- 018
67%
SCP- 019
67%
SCP- 070
67%
SCP- 400
67%
SCP- 499
67%
SCP- 020
50%
SCP- 021
50%
SCP- 022
50%
SCP- 023
50%
SCP- 024
50%
SCP- 025
50%
SCP- 026
50%
SCP- 027
50%
SCP- 028
50%
SCP- 029
50%
SCP- 030
50%
SCP- 031
50%
SCP- 032
50%
SCP- 033
50%
SCP- 034
50%
SCP- 035
50%
SCP- 036
50%
SCP- 037
50%
SCP- 038
50%
SCP- 039
50%
SCP- 040
50%
SCP- 041
50%
SCP- 042
50%
SCP- 050
50%
SCP- 060
50%
SCP- 080
50%
SCP- 090
50%
SCP- 100
50%
SCP- 101
50%
SCP- 111
50%
SCP- 200
50%
SCP- 222
50%
SCP- 300
50%
SCP- 333
50%
SCP- 444
50%
SCP- 043
33%
SCP- 044
33%
SCP- 045
33%
SCP- 046
33%
SCP- 047
33%
SCP- 048
33%
SCP- 049
33%
SCP- 061
33%
SCP- 062
33%
SCP- 063
33%
SCP- 064
33%
SCP- 066
33%
SCP- 069
33%
SCP- 076
33%
SCP- 077
33%
SCP- 088
33%
SCP- 092
33%
SCP- 099
33%
SCP- 102
33%
SCP- 103
33%
SCP- 104
33%
SCP- 105
33%
SCP- 106
33%
SCP- 107
33%
SCP- 108
33%
SCP- 109
33%
SCP- 110
33%
SCP- 112
33%
SCP- 113
33%
SCP- 114
33%
SCP- 115
33%
SCP- 116
33%
SCP- 117
33%
SCP- 118
33%
SCP- 119
33%
SCP- 120
33%
SCP- 123
33%
SCP- 130
33%
SCP- 134
33%
SCP- 140
33%
SCP- 145
33%
SCP- 150
33%
SCP- 154
33%
SCP- 168
33%
SCP- 173
33%
SCP- 181
33%
SCP- 198
33%
SCP- 201
33%
SCP- 202
33%
SCP- 203
33%
SCP- 209
33%
SCP- 212
33%
SCP- 213
33%
SCP- 221
33%
SCP- 223
33%
SCP- 224
33%
SCP- 225
33%
SCP- 226
33%
SCP- 227
33%
SCP- 228
33%
SCP- 229
33%
SCP- 230
33%
SCP- 231
33%
SCP- 232
33%
SCP- 233
33%
SCP- 234
33%
SCP- 235
33%
SCP- 236
33%
SCP- 237
33%
SCP- 238
33%
SCP- 239
33%
SCP- 273
33%
SCP- 324
33%
SCP- 330
33%
SCP- 331
33%
SCP- 332
33%
SCP- 334
33%
SCP- 335
33%
SCP- 336
33%
SCP- 337
33%
SCP- 338
33%
SCP- 339
33%
SCP- 345
33%
SCP- 372
33%
SCP- 401
33%
SCP- 402
33%
SCP- 403
33%
SCP- 404
33%
SCP- 405
33%
SCP- 406
33%
SCP- 412
33%
SCP- 420
33%
SCP- 421
33%
SCP- 422
33%
SCP- 423
33%
SCP- 424
33%
SCP- 451
33%
SCP- 452
33%
SCP- 453
33%
SCP- 454
33%
SCP- 455
33%
SCP- 456
33%
SCP- 457
33%
SCP- 458
33%
SCP- 459
33%
SCP- 460
33%
SCP- 461
33%
SCP- 462
33%
SCP- 463
33%
SCP- 464
33%
SCP- 465
33%
SCP- 466
33%
SCP- 467
33%
SCP- 468
33%
SCP- 469
33%
SCP- 470
33%
SCP- 472
33%
SCP- 474
33%
SCP- 479
33%
SCP- 494
33%
SCP- 495
33%
SCP- 496
33%
SCP- 497
33%
SCP- 498
33%
SCP- 051
17%
SCP- 052
17%
SCP- 053
17%
SCP- 054
17%
SCP- 056
17%
SCP- 057
17%
SCP- 058
17%
SCP- 059
17%
SCP- 065
17%
SCP- 067
17%
SCP- 068
17%
SCP- 071
17%
SCP- 072
17%
SCP- 073
17%
SCP- 074
17%
SCP- 075
17%
SCP- 078
17%
SCP- 079
17%
SCP- 081
17%
SCP- 082
17%
SCP- 083
17%
SCP- 084
17%
SCP- 085
17%
SCP- 086
17%
SCP- 087
17%
SCP- 089
17%
SCP- 091
17%
SCP- 093
17%
SCP- 094
17%
SCP- 095
17%
SCP- 096
17%
SCP- 097
17%
SCP- 098
17%
SCP- 121
17%
SCP- 122
17%
SCP- 124
17%
SCP- 125
17%
SCP- 126
17%
SCP- 127
17%
SCP- 128
17%
SCP- 129
17%
SCP- 131
17%
SCP- 132
17%
SCP- 133
17%
SCP- 135
17%
SCP- 136
17%
SCP- 137
17%
SCP- 138
17%
SCP- 139
17%
SCP- 141
17%
SCP- 142
17%
SCP- 143
17%
SCP- 144
17%
SCP- 146
17%
SCP- 147
17%
SCP- 148
17%
SCP- 149
17%
SCP- 151
17%
SCP- 152
17%
SCP- 153
17%
SCP- 155
17%
SCP- 156
17%
SCP- 157
17%
SCP- 158
17%
SCP- 159
17%
SCP- 160
17%
SCP- 161
17%
SCP- 162
17%
SCP- 163
17%
SCP- 164
17%
SCP- 165
17%
SCP- 166
17%
SCP- 167
17%
SCP- 169
17%
SCP- 170
17%
SCP- 171
17%
SCP- 172
17%
SCP- 174
17%
SCP- 175
17%
SCP- 176
17%
SCP- 177
17%
SCP- 178
17%
SCP- 179
17%
SCP- 180
17%
SCP- 182
17%
SCP- 183
17%
SCP- 184
17%
SCP- 185
17%
SCP- 186
17%
SCP- 187
17%
SCP- 188
17%
SCP- 189
17%
SCP- 190
17%
SCP- 191
17%
SCP- 192
17%
SCP- 193
17%
SCP- 194
17%
SCP- 195
17%
SCP- 196
17%
SCP- 197
17%
SCP- 199
17%
SCP- 204
17%
SCP- 205
17%
SCP- 206
17%
SCP- 207
17%
SCP- 208
17%
SCP- 210
17%
SCP- 211
17%
SCP- 214
17%
SCP- 215
17%
SCP- 216
17%
SCP- 217
17%
SCP- 218
17%
SCP- 219
17%
SCP- 220
17%
SCP- 240
17%
SCP- 241
17%
SCP- 242
17%
SCP- 243
17%
SCP- 244
17%
SCP- 245
17%
SCP- 246
17%
SCP- 247
17%
SCP- 248
17%
SCP- 249
17%
SCP- 250
17%
SCP- 251
17%
SCP- 252
17%
SCP- 253
17%
SCP- 254
17%
SCP- 255
17%
SCP- 256
17%
SCP- 257
17%
SCP- 258
17%
SCP- 259
17%
SCP- 260
17%
SCP- 261
17%
SCP- 262
17%
SCP- 263
17%
SCP- 264
17%
SCP- 265
17%
SCP- 266
17%
SCP- 267
17%
SCP- 268
17%
SCP- 269
17%
SCP- 270
17%
SCP- 271
17%
SCP- 272
17%
SCP- 274
17%
SCP- 275
17%
SCP- 276
17%
SCP- 277
17%
SCP- 278
17%
SCP- 279
17%
SCP- 280
17%
SCP- 281
17%
SCP- 282
17%
SCP- 283
17%
SCP- 284
17%
SCP- 285
17%
SCP- 286
17%
SCP- 287
17%
SCP- 288
17%
SCP- 289
17%
SCP- 290
17%
SCP- 291
17%
SCP- 292
17%
SCP- 293
17%
SCP- 294
17%
SCP- 295
17%
SCP- 296
17%
SCP- 297
17%
SCP- 298
17%
SCP- 299
17%
SCP- 301
17%
SCP- 302
17%
SCP- 303
17%
SCP- 304
17%
SCP- 305
17%
SCP- 306
17%
SCP- 307
17%
SCP- 308
17%
SCP- 309
17%
SCP- 310
17%
SCP- 311
17%
SCP- 312
17%
SCP- 313
17%
SCP- 314
17%
SCP- 315
17%
SCP- 316
17%
SCP- 317
17%
SCP- 318
17%
SCP- 319
17%
SCP- 320
17%
SCP- 321
17%
SCP- 322
17%
SCP- 323
17%
SCP- 325
17%
SCP- 326
17%
SCP- 327
17%
SCP- 328
17%
SCP- 329
17%
SCP- 340
17%
SCP- 341
17%
SCP- 342
17%
SCP- 343
17%
SCP- 344
17%
SCP- 346
17%
SCP- 347
17%
SCP- 348
17%
SCP- 349
17%
SCP- 350
17%
SCP- 351
17%
SCP- 352
17%
SCP- 353
17%
SCP- 354
17%
SCP- 355
17%
SCP- 356
17%
SCP- 357
17%
SCP- 358
17%
SCP- 359
17%
SCP- 360
17%
SCP- 361
17%
SCP- 362
17%
SCP- 363
17%
SCP- 364
17%
SCP- 365
17%
SCP- 366
17%
SCP- 367
17%
SCP- 368
17%
SCP- 369
17%
SCP- 370
17%
SCP- 371
17%
SCP- 373
17%
SCP- 374
17%
SCP- 375
17%
SCP- 376
17%
SCP- 377
17%
SCP- 378
17%
SCP- 379
17%
SCP- 380
17%
SCP- 381
17%
SCP- 382
17%
SCP- 383
17%
SCP- 384
17%
SCP- 385
17%
SCP- 386
17%
SCP- 387
17%
SCP- 388
17%
SCP- 389
17%
SCP- 390
17%
SCP- 391
17%
SCP- 392
17%
SCP- 393
17%
SCP- 394
17%
SCP- 395
17%
SCP- 396
17%
SCP- 397
17%
SCP- 398
17%
SCP- 399
17%
SCP- 407
17%
SCP- 408
17%
SCP- 409
17%
SCP- 410
17%
SCP- 411
17%
SCP- 413
17%
SCP- 414
17%
SCP- 415
17%
SCP- 416
17%
SCP- 417
17%
SCP- 418
17%
SCP- 419
17%
SCP- 425
17%
SCP- 426
17%
SCP- 427
17%
SCP- 428
17%
SCP- 429
17%
SCP- 430
17%
SCP- 431
17%
SCP- 432
17%
SCP- 433
17%
SCP- 434
17%
SCP- 435
17%
SCP- 436
17%
SCP- 437
17%
SCP- 438
17%
SCP- 439
17%
SCP- 440
17%
SCP- 441
17%
SCP- 442
17%
SCP- 443
17%
SCP- 445
17%
SCP- 446
17%
SCP- 447
17%
SCP- 448
17%
SCP- 449
17%
SCP- 450
17%
SCP- 471
17%
SCP- 473
17%
SCP- 475
17%
SCP- 476
17%
SCP- 477
17%
SCP- 478
17%
SCP- 480
17%
SCP- 481
17%
SCP- 482
17%
SCP- 483
17%
SCP- 484
17%
SCP- 485
17%
SCP- 486
17%
SCP- 487
17%
SCP- 488
17%
SCP- 489
17%
SCP- 490
17%
SCP- 491
17%
SCP- 492
17%
SCP- 493
17%
No matching quizzes found
Score Distribution
Percent of People with Each Score
Percentile by Number Answered
Your Score History
You have not taken this quiz